000 00641cab a2200193 4500
001 ABS40967
008 090401t1989 xxu||||| |||| 00| 0 eng d
035 _a(Sirsi) u27214
041 _aeng
100 _aShepherd, N.
245 _aShoring up the tenant`s right to buy
260 _c1989
350 _a0
490 _aSolicitors` Journal
_v133(26) 30 June 1989, 831-832(2)
520 _aDiscusses how Housing Act 1988 s124 establishes a procedure for encouraging local authorities to comply with their right to buy obligations under Housing Act 1985 s153 .
690 _aBlock management
_96220
942 _n0
948 _c04/03/1997
999 _c18320
_d18320